| 000 | 01361nam a2200325 i 4500 | ||
|---|---|---|---|
| 001 | 47912 | ||
| 003 | ES-MaACL | ||
| 005 | 20250728062601.0 | ||
| 007 | t| | ||
| 008 | 030625s2002 sp ||||0| spa j | ||
| 020 | _a84-95240-65-3 | ||
| 040 |
_aM-BN _bspa _cM-BN |
||
| 080 | _a347.672(460) | ||
| 100 | 1 |
_aCasanueva Sánchez, Isidoro C. _936142 |
|
| 245 | 1 | 3 |
_aLa nulidad parcial del testamento / _cIsidoro C. Casanueva Sánchez ; con prólogo del Prof. Antonio Román García. |
| 260 |
_a[Madrid] : _bCentro de Estudios Registrales, _c[2002] |
||
| 300 |
_a261 p ; _c23 cm. |
||
| 490 | 1 | _aMonografías | |
| 500 | _aIncluye índice cronológico de sentencias del Tribunal Supremo y resoluciones de la Dirección General de los Registros y del Notariado. | ||
| 500 | _aRecoge parte de la tesis doctoral del autor. | ||
| 504 | _aBibliografía: p. 243-258. | ||
| 650 | 1 | 4 |
_aTestamentos- _zEspaña. _917524 |
| 650 | 1 | 4 |
_aNulidad (Derecho)- _zEspaña. _915645 |
| 700 | 1 |
_aRomán García, Antonio. _999225 |
|
| 710 | 2 |
_aColegio de Registradores de la Propiedad y Mercantiles de España. _bCentro de Estudios Registrales. _9162314 |
|
| 730 | 0 |
_aMonografías (Centro de Estudios Registrales) _9179814 |
|
| 830 | 0 | 0 |
_aMonografías (Centro de Estudios Benaventanos "Ledo del Pozo") _9177262 |
| 852 |
_aES-MaACL _jL-26436 _bR.132004 |
||
| 999 |
_c47912 _d47912 |
||